| Tag |
First Indicator |
Second Indicator |
Subfields |
| LEADER |
00000cam a2200000 a 4500 |
| 001 |
in00002123521 |
| 005 |
20211129151918.0 |
| 008 |
060403s2006 dcu b f000 0 eng c |
| 020 |
|
|
|a 0160757630
|
| 035 |
|
|
|a (OCoLC)ocm65183721
|
| 037 |
|
|
|a 552-070-33834-9
|b GPO
|
| 040 |
|
|
|a GPO
|c GPO
|d GPO
|d MvI
|d UtOrBLW
|
| 042 |
|
|
|a pcc
|
| 043 |
|
|
|a n-us---
|
| 049 |
|
|
|a UDOC
|
| 049 |
|
|
|a WWW
|
| 050 |
1 |
4 |
|a KF27
|b .J856 2005h
|
| 074 |
|
|
|a 1020-A
|
| 074 |
|
|
|a 1020-A (online)
|
| 074 |
|
|
|a 1020-B (MF)
|
| 074 |
|
|
|a 1020-B (online)
|
| 086 |
0 |
|
|a Y 4.J 89/1:109-72
|
| 088 |
|
|
|a Serial no. 109-72 (United States. Congress. House. Committee on the Judiciary)
|
| 110 |
1 |
|
|a United States.
|b Congress.
|b House.
|b Committee on the Judiciary.
|b Subcommittee on Commercial and Administrative Law.
|
| 245 |
1 |
0 |
|a To amend title 4 of the United States Code to clarify the treatment of self-employment for purposes of the limitation on state taxation of retirement income :
|b hearing before the Subcommittee on Commercial and Administrative Law of the Committee on the Judiciary, House of Representatives, One Hundred Ninth Congress, first session, on H.R. 4019, December 13, 2005.
|
| 246 |
3 |
|
|a To amend title four of the United States Code to clarify the treatment of self-employment for purposes of the limitation on state taxation of retirement income
|
| 264 |
|
1 |
|a Washington :
|b U.S. G.P.O. :
|c 2006.
|
| 264 |
|
2 |
|a Washington :
|b For sale by the Supt. of Docs., U.S. G.P.O.,
|
| 300 |
|
|
|a iii, 29 pages ;
|c 24 cm.
|
| 336 |
|
|
|a text
|b txt
|2 rdacontent
|
| 337 |
|
|
|a unmediated
|b n
|2 rdamedia
|
| 338 |
|
|
|a volume
|b nc
|2 rdacarrier
|
| 500 |
|
|
|a Distributed to some depository libraries in microfiche.
|
| 500 |
|
|
|a Shipping list number: 2006-0153-P.
|
| 500 |
|
|
|a Shipping List Date: 03/27/2006
|
| 504 |
|
|
|a Includes bibliographical references.
|
| 500 |
|
|
|a "Serial number 109-72."
|
| 530 |
|
|
|a Also available via Internet from the GPO Access web site. Address as of 1/3/07: http://frwebgate.access.gpo.gov/cgi-bin/getdoc.cgi?dbname=109%5Fhouse%5Fhearings&docid=f:24986.pdf (PDF version); current access is available via PURL.
|
| 650 |
|
0 |
|a Pensions
|x Taxation
|x Law and legislation
|z United States
|x States.
|
| 650 |
|
0 |
|a Retirement income
|x Taxation
|z United States
|x States.
|
| 650 |
|
0 |
|a Self-employed
|x Pensions
|x Law and legislation
|z United States
|x States.
|
| 856 |
4 |
1 |
|3 PDF version:
|u https://purl.fdlp.gov/GPO/LPS67995
|t 0
|
| 999 |
|
|
|a MARS
|
| 999 |
f |
f |
|s 92763c98-82fb-3fd3-ae16-ba942337b311
|i 7f0cce8a-b70e-3e83-91d9-4a490881bee0
|t 0
|
| 952 |
f |
f |
|a Texas A&M University
|b College Station
|c Electronic Resources
|d Available Online
|t 0
|e Y 4.J 89/1:109-72
|h Superintendent of Documents classification
|
| 998 |
f |
f |
|a Y 4.J 89/1:109-72
|t 0
|l Available Online
|